|
|
|
|
| LEADER |
00000nab a2200000 a 4500 |
| 001 |
vtls008418743 |
| 003 |
SK-MaSNL |
| 005 |
20260303070050.0 |
| 008 |
140515c2005 xo wr|p|||||||000 b|slo |
| 015 |
|
|
|a SNBRB2005/12
|2 snkbucl
|
| 040 |
|
|
|a SNKBUCL
|b slo
|c SNKBUCL
|e AACR2
|
| 041 |
0 |
|
|a slo
|
| 044 |
|
|
|a xo
|c SK
|
| 080 |
|
|
|a 339.732
|x (100)
|2 1997
|
| 100 |
1 |
|
|a Brocková, Ingrid,
|d 1963-
|4 aut
|9 17568
|
| 245 |
1 |
0 |
|a Paul Wolfowitz
|c Ingrid Brocková
|
| 300 |
|
|
|b Fotogr.
|
| 600 |
1 |
7 |
|a Wolfowitz, Paul
|2 snkbucl
|9 1067006
|
| 610 |
2 |
7 |
|a Svetová banka
|x post prezidenta
|2 snkbucl
|9 1067007
|
| 773 |
0 |
|
|t Týždeň
|g Roč. II, č. 22 (2005), s. 42-43
|x 1336-5932
|
| 852 |
|
|
|a SNK
|b KIS3GCP
|
| 999 |
|
|
|c 1753780
|d 1755710
|